A short history of education

Saved in:
Bibliografiske detaljer
Hovedforfatter: ADAMSON, John Williams
Format: Bog
Sprog:engelsk
Udgivet: Cambridge University Press 2013
Tags: Tilføj Tag
Ingen Tags, Vær først til at tagge denne postø!

MARC

LEADER 00000nam a22000007a 4500
008 210908b ||||| |||| 00| 0 eng d
020 |a 9781107696440 
100 |a ADAMSON, John Williams 
245 |a A short history of education  |c John William Adamson  |g xi,371p. 
260 |b Cambridge University Press  |c 2013  |h New York  |i 696138  |i 696139  |l LA631.Ad1  |m Education-- Great Britain--History  |m Education--History 
500 |a It includes bibliographical foot-notes and index 
942 |a lcc  |c BK  |e Kuteyi, M. A.  |f 8/9/2021 
952 |0 0  |1 0  |2 lcc  |4 0  |6 LA0631 A D1  |7 0  |9 3473  |a HOL  |b HOL  |c LP  |d 2021-09-08  |l 0  |o LA631.Ad1  |p 2021-67196  |r 2021-09-08 00:00:00  |w 2021-09-08  |y BK 
952 |0 0  |1 0  |2 lcc  |4 0  |6 LA0631 A D1  |7 0  |9 3474  |a HOL  |b ED  |c LP  |d 2021-09-08  |l 0  |o LA631.Ad1  |p 2021-67197  |r 2021-09-08 00:00:00  |w 2021-09-08  |y BK 
999 |c 1729  |d 1729